000 00409 a2200145 4500
020 _a019513060X
082 _a954.035095
090 _c6735
_d6735
100 _aWolpert,Stanley
245 _aGandhi's Passion.
_bThe Life and Legacy of Mahatma Gandhi.
_cStanley Wolpert.
260 _aNew York
_bOxford University Press.
_c2001.
300 _a308p.
500 _aHard cover
942 _aNBS
_cBK
_k954.035095 WOL
999 _c349085
_d349085